| 000 | 01539nam a2200469 i 4500 | ||
|---|---|---|---|
| 001 | 51473 | ||
| 003 | KOSZ 005 | ||
| 005 | 20200211074415.0 | ||
| 008 | 050429s2005 pl a f f |000 0 pol | ||
| 015 | _aPB 2005/8291 | ||
| 020 | _a8372075298 | ||
| 035 | _a991026852109705066 | ||
| 035 | _a(PL-WaBN)b17290533-48omnis_nlop | ||
| 035 | _ab17290533 | ||
| 035 | _a(OCoLC)749460622 | ||
| 035 | _a(PL)b0000001729053 | ||
| 035 | _a(EXLNZ-48OMNIS_NETWORK)9910321587405606 | ||
| 040 |
_aWA N _cWA N _dWA N _dKOSZ 005/HR |
||
| 041 | 0 | _apol | |
| 046 | _k2005 | ||
| 080 | _a004.38 | ||
| 080 | _a(075.8) | ||
| 100 | 1 |
_aOgrodzki, Jan _d(1954- ) _eAutor |
|
| 245 | 1 | 0 |
_aWstęp do systemów komputerowych / _cJan Ogrodzki. |
| 260 |
_aWarszawa : _bOficyna Wydawnicza Politechniki Warszawskiej, _c2005. |
||
| 300 |
_a196 s. : _brys. ; _c24 cm. |
||
| 336 |
_2rdacontent _aTekst _btxt |
||
| 337 |
_2rdamedia _aBez urządenia pośredniczącego _bn |
||
| 338 |
_2rdacarrier _aWolumin _bnc |
||
| 380 | _aKsiążki | ||
| 380 | _aPublikacje dydaktycznr | ||
| 385 |
_mPoziom nauczania _aSzkoły wyższe |
||
| 388 | _a2001- | ||
| 504 | _aBibliogr. s. 196. | ||
| 650 | 7 |
_aKomputery _2DBN |
|
| 655 | 7 |
_aPodręczniki akademickie _2DBN |
|
| 658 | _aInformatyka i technologie informacyjne | ||
| 710 | 2 |
_aOficyna Wydawnicza Politechniki Warszawskiej _4pbl |
|
| 856 |
_uhttp://koha.tu.koszalin.pl/cgi-bin/koha/opac-detail.pl?biblionumber=51473 _yKatalog online BPK |
||
| 942 |
_2UKD _cKS |
||
| 999 |
_c51473 _d51473 |
||